LEADER 01552nam0 2200349 i 450 001 SUN0127273 005 20200309120709.865 010 $d0.00 017 70$2N$a978-981-13-6241-5 100 $a20200303d2019 |0engc50 ba 101 $aeng 102 $aSG 105 $a|||| ||||| 200 1 $a*Analysis of Doubly Truncated Data$eAn Introduction$fAchim Dörre, Takeshi Emura 205 $aSingapore : Springer, 2019 210 $axvi$d112 p.$cill. ; 24 cm 215 $aPubblicazione in formato elettronico 410 1$1001SUN0113968$12001 $a*SpringerBriefs in Statistics. JSS research series in statistics$1210 $aBerlin$cSpringer. 606 $a62-XX$xStatistics [MSC 2020]$2MF$3SUNC022998 606 $a62F03$xParametric hypothesis testing [MSC 2020]$2MF$3SUNC024582 606 $a62P10$xApplications of statistics to biology and medical sciences; meta analysis [MSC 2020]$2MF$3SUNC024649 606 $a62P20$xApplications of statistics to economics [MSC 2020]$2MF$3SUNC026444 620 $aSG$dSingapore$3SUNL000061 700 1$aDörre$b, Achim$3SUNV098717$0781839 701 1$aEmura$b, Takeshi$3SUNV096576$0767963 712 $aSpringer$3SUNV000178$4650 801 $aIT$bSOL$c20210503$gRICA 856 4 $uhttp://doi.org/10.1007/978-981-13-6241-5 912 $aSUN0127273 950 $aUFFICIO DI BIBLIOTECA DEL DIPARTIMENTO DI MATEMATICA E FISICA$d08CONS e-book 1819 $e08eMF1819 20200303 996 $aAnalysis of Doubly Truncated Data$91733841 997 $aUNICAMPANIA